| 000 | 01253nam a22002537a 4500 | ||
|---|---|---|---|
| 005 | 20210325192001.0 | ||
| 008 | s2543 th tha d | ||
| 041 | _atha | ||
| 090 | _aว RA790.5 ส861ก 2543 | ||
| 100 | 0 | _aสุรินทร์ สุทธิธาทิพย์ | |
| 245 | 1 | 0 | _aการสำรวจสุขภาพจิตของผู้ใช้แรงงาน ในชุมชนอุตสาหกรรมภาคตะวันออก |
| 246 | _a\A \\survey of the workers' mental health in the eastern region industrial communities | ||
| 260 | 3 |
_aชลบุรี : _bมหาวิทยาลัยบูรพา, _c2543 |
|
| 300 |
_a30 หน้า : _b ตาราง ; _c 29 ซม. |
||
| 650 | 0 | 4 | _aสุขภาพจิต -- วิจัย |
| 650 | 0 | 4 | _aอาชีวอนามัย -- วิจัย |
| 650 | 0 | 4 | _aเด็ก -- สุขภาพจิต -- วิจัย |
| 650 | 0 | 4 | _aแรงงาน -- สุขภาพจิต -- วิจัย |
| 650 | 0 | 4 | _aแรงงาน -- สุขภาพและอนามัย -- วิจัย |
| 850 | _aNALT | ||
| 942 | _cRSH | ||
| 997 |
_c000000000030174 _kVC |
||
| 998 | _aPIYANART | ||
| 999 |
_c30174 _d30174 |
||